000 00827nam a2200253 i 4500
001 bg
100 1 _aROSSANO, Anthony
245 1 0 _aSoftimage 3D :
_bvademecum profesjonalisty /
_cAnthony Rossano ; [tł. Maciej Gdula].
246 _iTyt. oryg.:
_aInside Softimage 3D
260 _aGliwice :
_b"Helion",
_ccop. 2000.
300 _a622 s., [4] s. tabl. kolor. :
_bil. ;
_c24 cm +
_eCD ROM.
500 _aTyt. oryg.: "Inside Softimage 3D" 1999.
504 _aIndeks.
650 9 _aSoftimage 3D
655 _aPodręczniki
020 _a8371971338
040 _cBPK
041 1 _apl
_hen
080 _a004.42:004.92](07)
920 _a83-7197-133-8
942 _cKS
008 s pl f |000 0 pol
856 _uhttp://koha.tu.koszalin.pl/cgi-bin/koha/opac-detail.pl?biblionumber=37329
_yKatalog online BPK
999 _c37329
_d37329